Los sitios de Zaragoza (Record no. 133369)

MARC details
000 -LEADER
campo de control de longitud fija 00626nam a2200193 i 4500
001 - NÚMERO DE CONTROL
campo de control 133369
003 - IDENTIFICADOR DE NÚMERO DE CONTROL
campo de control ES-MaACL
005 - FECHA Y HORA DE LA ÚLTIMA TRANSACCIÓN
campo de control 20230906194405.0
007 - CAMPO FIJO DE DESCRIPCIÓN FÍSICA--INFORMACIÓN GENERAL
campo de control de longitud fija t|
008 - DATOS DE LONGITUD FIJA--INFORMACIÓN GENERAL
campo de control de longitud fija 070214s1977 sp r ||||1| spa d
100 1# - ENTRADA PRINCIPAL--NOMBRE DE PERSONA
Nombre de persona Rudorff, Raymond.
9 (RLIN) 100500
245 14 - MENCIÓN DEL TÍTULO
Título Los sitios de Zaragoza
Resto del título : 1808-1809 /
Mención de responsabilidad, etc. Raymond Rudorff ; [traducido por Agustín Gil Lasierra].
250 ## - MENCION DE EDICION
Mención de edición 1ª ed.
260 ## - PUBLICACIÓN, DISTRIBUCIÓN, ETC.
Lugar de publicación, distribución, etc. Barcelona [etc.] :
Nombre del editor, distribuidor, etc. Grijalbo,
Fecha de publicación, distribución, etc. 1977.
300 ## - DESCRIPCIÓN FÍSICA
Extensión 372 p., 4 lám. ;
Dimensiones 20 cm.
651 #4 - PUNTO DE ACCESO ADICIONAL DE MATERIA--NOMBRE GEOGRÁFICO
Nombre geográfico Zaragoza-
Subdivisión general Historia-
Subdivisión cronológica 1808-1809, Sitio.
9 (RLIN) 142068
700 1# - ENTRADA AGREGADA--NOMBRE PERSONAL
Nombre de persona Gil Lasierra, Agustín.
9 (RLIN) 56831
852 ## - LOCALIZACIÓN
Ubicación ES-MaACL
Número de control de estantería A-6589
Sublocalización o colección R.95560
Holdings
Estatus retirado Estado de pérdida Estado de daño No para préstamo Biblioteca de origen Biblioteca actual Ubicación en estantería Fecha de adquisición Fuente de adquisición Total de préstamos Signatura topográfica completa Código de barras Visto por última vez Precio de reemplazo Tipo de ítem Koha
        Biblioteca del Ateneo de Madrid Biblioteca del Ateneo de Madrid Sala Pecera Planta 1 17/01/2008     A-6589 1138843 23/02/2023 23/02/2023 Libro impreso